000 00291nam a2200133Ia 4500
008 150301s2007 xx 000 0 und d
082 _a647
_bSIN
100 _aSINGH, D.K
245 _aTB. OF TOURISM
250 _a1ST
260 _bAMAN PUB. DELHI
_c2007
300 _a302
942 _2ddc
_cBK
999 _c7033
_d7033